TOP 10 piosenek - Żabson - Statystyki

Ogólne statystyki
  • Ten quiz został rozwiązany 827 razy
    771 od ostatniego zresetowania
  • Średni wynik to 4 z 10
Statystyki odpowiedzi
# views utwór % Poprawnych
10 22 mln SEXOHOLIK
77%
3 46 mln Księżniczki
60%
2 46 mln Floyd Mayweather
57%
5 26 mln DMT
37%
9 22 mln Młody Boss
36%
6 26 mln Small Town Boy
29%
7 24 mln Jungle Girl
21%
1 58 mln @ (małpa)
19%
8 22 mln Superman
11%
4 31 mln kwit
6%
Nie znaleziono quizów pasujących do podanych kryteriów
Rozkład punktacji
Procent ludzi z każdym wynikiem
Percentyl według liczby udzielonych odpowiedzi
Twoja historia wyników
Nie rozwiązałeś tego quizu od ostatniego zresetowania